| 000 | 01024cam a2200313 4500 | ||
|---|---|---|---|
| 008 | 090401t1989 xxu||||| |||| 00| 0 eng d | ||
| 020 | _a0854064303 | ||
| 035 | _a(Sirsi) u49189 | ||
| 041 | _aeng | ||
| 050 | _a711.7094 | ||
| 090 | _aRICS 1989/61ABCDE | ||
| 100 | _aBendixson, Terence | ||
| 245 | _aTransport in the nineties:the shaping of Europe ... commissioned by the Royal Institution of Chartered Surveyors for publication at its annual conference in Paris, October 1989 | ||
| 260 |
_aLondon _bSurveyors Publications _c1989 |
||
| 300 | _aix,54p. : ill.,maps ; 30cm. | ||
| 350 | _a35 | ||
| 650 | _aFUNDING | ||
| 650 | _aINTELLIGENT HIGHWAY | ||
| 650 | _aRAILWAYS | ||
| 650 | _aRICS | ||
| 650 | _aROAD PRICING | ||
| 650 | _aPROPERTY-INFRASTRUCTURE-TRANSPORT INFRASTRUCTURE-ROAD INFRASTRUCTURE | ||
| 650 | _aTOLL ROADS | ||
| 650 | _aTRAFFIC MANAGEMENT | ||
| 690 | _aTRANSPORT AND COMMUNICATIONS | ||
| 710 |
_aRoyal Institution of Chartered Surveyors _94900 |
||
| 942 | _n0 | ||
| 948 | _c04/03/1997 | ||
| 999 |
_c92516 _d92516 |
||